000 00265nam a22001217a 4500
008 170713b xxu||||| |||| 00| 0 eng d
041 _aeng
080 _a101
100 _a24
101 _aFIL
245 _aGREEK PHILOSOPHICAL TERMS
_cPETERS,F.E
942 _2udc
_cBK
999 _c20657
_d20657